Pla d'acció municipal 87 : programa d'acció municipal : convocatòria / Diputació de Barcelona. Servei de Cooperació Municipal programa d'acció municipal :
Descripción Física:
64, [59] p. ; 30 cm
MARC
| LEADER | 00000nam a2200000Ia 4500 | ||
|---|---|---|---|
| 001 | 19682 | ||
| 008 | 160829s1987 xx 000 0 cat d | ||
| 080 | |a M-5-471 | ||
| 110 | 1 | |a Barcelona (Catalunya : Província). |b Servei de Cooperació Municipal |9 54958 | |
| 245 | |a Pla d'acció municipal 87 : |b programa d'acció municipal : |b convocatòria / Diputació de Barcelona. Servei de Cooperació Municipal | ||
| 260 | |a Barcelona : |b [el Servei], |c 1987 | ||
| 300 | |a 64, [59] p. ; |c 30 cm | ||
| 650 | |a Municipis |x Barcelona (Província) |x Subvencions |9 23036 | ||
| 901 | |a Arxiu | ||
| 942 | |n 1 | ||
| 952 | |0 0 |1 0 |4 0 |6 M5471 |7 1 |9 51135 |a Arxiu |b Arxiu |d 2016-12-01 |l 0 |o M-5-471 |p 19682 |r 2016-12-01 00:00:00 |w 2016-12-01 |y ARXIU | ||
| 999 | |c 54978 |d 54978 | ||